000 00728nam a2200205Ia 4500
003 GCL
008 140319s9999 xx 000 0 ara d
040 _aGCL /
_cGCL
082 0 4 _a574.1929
_bع ا
100 1 _aعبدالهادى مصباح المهدى
245 1 0 _aالاستنساخ بين العلم والدين /
_cعبدالهادى مصباح المهدى
260 _aالقاهرة :
_bالدار المصرية اللبنانية ،
_c1997
300 _a111 ص
490 _aالهيئة العامة للاستعلامات
_v0
650 0 4 _aالعلوم
650 0 4 _aالهندسة الوراثية
650 0 4 _aالاستنساخ
650 0 4 _aالاحياء، علم - البحوث
942 _2ddc
_cBK
999 _c51876
_d51876